Monarchie Elekcyjne Świata ( Istniejące do dziś ) - Statystyki

Ogólne statystyki
  • Ten quiz został rozwiązany 15 razy
  • Średni wynik to 7 z 8
Statystyki odpowiedzi
Obrazkowy Hint Odpowiedź % Poprawnych
Panują w nim ( Współksiążęta Andory ) prezydent Francji i katolicki biskup katalońskiego miasta La Seu d'Urgell Andora
100%
Panuje w nim Papież Watykan
100%
Panuje w nim Szur Afganistan
93%
Panuje w nim Król Kambodża
93%
Panuje w nim O le Ao o le Malo Samoa
93%
Panuje w nim Yang di - Pertuan Agong ( Król ) Malezja
86%
Panuje w nim Prezydent Szejk Zjednoczone Emiraty Arabskie
86%
Panuje w nim Wielki Mistrz Zakon Maltański
57%
Nie znaleziono quizów pasujących do podanych kryteriów
Rozkład punktacji
Procent ludzi z każdym wynikiem
Percentyl według liczby udzielonych odpowiedzi
Twoja historia wyników
Nie rozwiązałeś tego quizu